Vi vogliamo bene : 10 proposte per un nuovo welfare da consultare e conservare /
Guardat en:
| Autor corporatiu: | |
|---|---|
| Altres autors: | , , , |
| Format: | Llibre |
| Idioma: | italià |
| Publicat: |
Roma :
Nuova iniziativa editoriale,
2005
|
| Matèries: | |
| Etiquetes: |
Sense etiquetes, Sigues el primer a etiquetar aquest registre!
|
MARC
| LEADER | 00000nam a22000007i 4500 | ||
|---|---|---|---|
| 001 | IT\ICCU\UBO\2649197 | ||
| 003 | ItRI | ||
| 005 | 20260115232425.0 | ||
| 008 | 050223s2005 it |||||| ||||| |||||c | ||
| 040 | |b ita |c importazione bologna sebina | ||
| 041 | 7 | |a ita |2 ISO-639-2 | |
| 245 | 0 | 0 | |a Vi vogliamo bene : |b 10 proposte per un nuovo welfare da consultare e conservare / |c raccontate da Daniela Brancati ; prefazione Livia Turco, Cesare Damiano, Mimmo Lucà. |
| 260 | |a Roma : |b Nuova iniziativa editoriale, |c 2005 | ||
| 300 | |a 185 p. ; |c 19 cm | ||
| 500 | |a Supplemento de l'Unità. | ||
| 650 | 7 | |a Italia |x Politica sociale |2 scbi | |
| 650 | 7 | |a Welfare state |x Italia | |
| 700 | 1 | |a Brancati, Daniela |0 IT\ICCU\CFIV\052597 | |
| 700 | 1 | |a Turco, Livia |0 IT\ICCU\IEIV\013549 | |
| 700 | 1 | |a Damiano, Cesare |0 IT\ICCU\LO1V\176725 | |
| 700 | 1 | |a Lucà, Mimmo |0 IT\ICCU\UBOV\906682 | |
| 710 | 2 | |a Democratici di sinistra |0 IT\ICCU\IEIV\050201 | |
| 790 | 1 | |a Lucà, Domenico |3 IT\ICCU\USMV\987207 |z Lucà, Mimmo | |
| 791 | 2 | |a DS |3 IT\ICCU\IEIV\050203 |z Democratici di sinistra | |
| 942 | |2 ddc |c BK |n 0 | ||
| 952 | |0 0 |1 0 |4 0 |6 DOC_361_610000000000000_BRA |7 0 |9 25516 |a BO |b BO |d 2026-01-15 |i 9829 |l 0 |o DOC 361.610 BRA |p BO9829 |r 2026-01-15 23:24:25 |w 2026-01-15 |x [Sebina 5] [1 v.] |y BK |z 1 v. | ||
| 999 | |c 21658 |d 21658 | ||